000 00635nam a2200205 a 4500
001 577
003 CO-ViMGA
008 141112s2004 ck r 000 u spa d
040 _aCO-ViMGA
_bspa
_cCO-ViMGA
082 0 4 _a152.44 O843
100 1 _aOvidio Nason, Publio
245 1 0 _aEl arte de amar
260 _aSantafé de Bogotá :
_bNorma,
_c1996
300 _a109, 69 p
490 _aCara y cruz
500 _aEncuadernado con A propósito de Ovidio y su obra.
505 _aLa retórica del amor 9 - - Con un verso de ovidio entre los labios 17 - - Citas a propósito de ovidio 45
650 1 4 _aAMOR
_95096
942 _2ddc
_cBK
999 _c12818
_d12818